000 00419nam a2200133Ia 4500
008 211109s9999||||xx |||||||||||||| ||und||
082 _a494.81203
_bPAD-S
100 _aPadmanabhapillai, Srikanteswaram
245 0 _aSabdhatharavali [single Vol ]
260 _bNational Book Stall
_aKottayam
_c1964
630 _xPOST GRADUATE REFERENCE
650 _amalayalam laguage
_vmalayalam wordsdictionary
_xMalayalam
942 _cBOOK
999 _c6900
_d6900